00725nam a2200205 a 4500001001000000005001700010008004100027041000800068044000700076050002400083100002400107245012600131260005500257300004200312500007900354500000800433651001900441700002700460700003200487BRCA_834020190320210235.0110714s1952----mx-a###f##---#001-0#fre-# afre amx 4aN6550.M49b.B4 19521 aBenítez, Fernando10aMexico en el artebedition speciale en francaisecpar Fernando Benítez, Paul Westheim, Miguel Covarrubias ... [et al.]. aMéxicobTalleres Gráficos de la Naciónc1952 a229 p.bil. (algunas a color)c30 cm. aPublicación periódica inventariada como libro por el Banco de México aR62 4aMéxicoxArte1 aWestheim, Paulecoaut.1 aCovarrubias, Miguelecoaut.